000 00249nam a22000977a 4500
008 240404b |||||||| |||| 00| 0 eng d
020 _a9788172234980
100 _aCoelho Paulo
_97754
245 _aThe Alchemist
260 _aLondon
_bHarper Collins
_c2022
999 _c12547
_d12547